00461nam a2200181 a 4500001001300000003000900013005001700022008004100039020001000080082001500090100001800105245002600123260003800149300000700187500003500194650003200229700001800261nice12345678IN_TiNIC20260116013502.0070413s1958 lona grp 000 0 eng  ac10000a227.4bNEI aNeil, Stephen aPaul to the Galatians aLondon bLutterworth Press c1958 a74 aincludes index and biblioraphy aBible N.T. Epistles of Paul1 aNeil, Stephen